000 01438nam a2200445 a 4500
001 sjds1133930
003 sjds
005 20230625201356.0
008 041118s2005 nyua b 000 1 eng
010 _a 2004027530
020 _a006057383X (pbk.) :
020 _a9780060573836
020 _a0060573996 :
035 _a298756
035 _a(OCoLC)57344204
035 _a298756
040 _aDLC
_cDLC
_dUtOrBLW
041 _aeng
049 _aIFAA
099 _f2005
100 1 _aBerenstain, Stan,
_d1923-2005,
_eauthor.
245 1 4 _aThe Berenstain Bears go on a Ghost Walk /
_cStan & Jan Berenstain.
246 3 0 _aGhost walk
246 3 0 _aGo on a ghost walk
250 _aFirst edition.
264 1 _aNew York :
_bHarperFestival,
_c2005.
300 _a1 volume (unpaged) :
_bcolor illustrations ;
_c21 cm
336 _atext
_btxt
_2rdacontent
337 _aunmediated
_bn
_2rdamedia
338 _avolume
_bnc
_2rdacarrier
440 _aBerenstain Bears
520 _aPapa Bear is enthused about preparing for Bear Country School's Halloween Ghost Walk, but learns that "one person's fun is another person's nightmare."
521 1 _aRecommended for ages 3-7.
526 0 _aAccelerated Reader
_bLG
_c3.7
_d0.5
_z106207
650 0 _aHalloween
_vJuvenile fiction.
650 0 _aBears
_vJuvenile fiction.
700 1 _aBerenstain, Jan,
_d1923-2012.
942 _cBK
999 _c28223
_d28223
999 _bPICTURE BOOKS BERENSTAIN 2005